Stock transfer (Record no. 70952)
[ view plain ]
| 000 -LEADER | |
|---|---|
| fixed length control field | 01173cam a2200217 4500 |
| 001 - CONTROL NUMBER | |
| control field | WB3830-09 |
| 008 - FIXED-LENGTH DATA ELEMENTS--GENERAL INFORMATION | |
| fixed length control field | 020814n2002 000 0 eng u |
| 035 ## - SYSTEM CONTROL NUMBER | |
| System control number | (Sirsi) u119332 |
| 245 ## - TITLE STATEMENT | |
| Title | Stock transfer |
| 260 ## - PUBLICATION, DISTRIBUTION, ETC. | |
| Date of publication, distribution, etc. | 2002 |
| 490 ## - SERIES STATEMENT | |
| Series statement | Inside Housing |
| Volume/sequential designation | 9 August 2002, 6(1) |
| 520 ## - SUMMARY, ETC. | |
| Summary, etc. | Research carried out on behalf of the Housing Corporation by Cambridge University's department of housing and planning shows that the progress of stock transfer has not been steady because of changes in government policy over the years. The volume of homes transfered had definite peaks and troughs between 1988 and April 2001. In 1992 transfers were at a record low level, but there was a substantial rise between 1997 and 2001 when the number of homes relcated reached 90 000 in 1999 and 100 000 in 2000 and 2001. For the Sector Study 17: http://www.housingcorplibrary.org.uk/HousingCorp.nsf/AllDocuments/7FAD312D11C9FE2D80256C1300487D4F |
| 590 ## - LOCAL NOTE (RLIN) | |
| Local note | WB |
| 650 ## - SUBJECT ADDED ENTRY--TOPICAL TERM | |
| Topical term or geographic name entry element | HOUSING STOCK TRANSFER |
| 650 ## - SUBJECT ADDED ENTRY--TOPICAL TERM | |
| Topical term or geographic name entry element | HOUSING CORPORATION |
| 650 ## - SUBJECT ADDED ENTRY--TOPICAL TERM | |
| Topical term or geographic name entry element | CAMBRIDGE UNIVERSITY |
| 650 ## - SUBJECT ADDED ENTRY--TOPICAL TERM | |
| Topical term or geographic name entry element | COUNCIL HOUSING |
| 650 ## - SUBJECT ADDED ENTRY--TOPICAL TERM | |
| Topical term or geographic name entry element | CAPITAL RECEIPTS |
| 690 ## - LOCAL SUBJECT ADDED ENTRY--TOPICAL TERM (OCLC, RLIN) | |
| Topical term or geographic name as entry element | HOUSING-DEVELOPMENT |
| 942 ## - ADDED ENTRY ELEMENTS (KOHA) | |
| Suppress in OPAC | 0 |
| Withdrawn status | Lost status | Source of classification or shelving scheme | Damaged status | Not for loan | Home library | Current library | Shelving location | Date acquired | Total Checkouts | Full call number | Barcode | Date last seen | Copy number | Price effective from | Koha item type |
|---|---|---|---|---|---|---|---|---|---|---|---|---|---|---|---|
| Dewey Decimal Classification | London | London | News article | 14/08/2002 | WB3830-09 | 119332-1001 | 06/08/2019 | 1 | 06/08/2019 | News article |